[Event "FRA-ch U14"]
[Site "Vichy"]
[Date "2025.05.03"]
[Round "8"]
[White "Yastrebov, Daniel"]
[Black "Charrier, Shayan"]
[Result "1-0"]
[WhiteElo "2013"]
[BlackElo "2138"]
[PlyCount "103"]
[EventDate "2025.04.27"]
[EventType "swiss"]
[EventRounds "9"]
[EventCountry "FRA"]
[SourceTitle "CB19_2025"]
[SourceDate "2025.05.07"]
[SourceVersion "1"]
[SourceVersionDate "2025.05.07"]
[SourceQuality "1"]

1. e4 c5 2. Nf3 d6 3. c3 Nf6 4. Be2 g6 5. 0-0 Bg7 6. Bb5+ Nc6 7. Re1 Bg4 8. h3 Bxf3 9. Qxf3 0-0 10. Bxc6 bxc6 11. d4 cxd4 12. cxd4 Qb6 13. Rd1 Nd7 14. Qe3 a5 15. Nc3 a4 16. Rb1 Rfb8 17. Kh1 Qa7 18. Qd3 Rb4 19. Ne2 Rab8 20. Qc2 c5 21. Bd2 Rxd4 22. Nxd4 Bxd4 23. Bc3 e5 24. Rd3 Qb7 25. f3 Qb5 26. Rdd1 Qc4 27. Qd3 Qxd3 28. Rxd3 Kf8 29. g3 Ke7 30. Kg2 Nf8 31. Bxd4 exd4 32. Ra3 Rb4 33. b3 c4 34. Rxa4 Rxa4 35. bxa4 Ne6 36. Rb4 d3 37. Kf2 c3 38. Rc4 c2 39. Ke3 Nc5 40. a5 Kd7 41. a6 Kc6 42. a7 Kb7 43. e5 Kxa7 44. exd6 Kb6 45. Kd2 Nd7 46. f4 Kb5 47. Rc7 Nf6 48. Kxd3 Ne8 49. Rxc2 Nxd6 50. g4 Kb6 51. Kd4 f5 52. Ke5 1-0